000 00509nam a22002177a 4500
003 bpm
005 20260316084055.0
008 260316b |||||||| |||| 001 p spa d
020 _a9789877301007
024 _aS. C. C. / M. C. y E. M.:
040 _aAR-CtUCP
041 _aspa
080 _aCDU
100 _aMeloni Aledo Luis
245 _aEl trébol verde
_bHaikus
250 _a1a.
260 _aResistencia
_bContexto
_c2015
650 _aLiteratura- Poesía
942 _cLIB
999 _c76579
_d76579